LIBRARY & INFORMATION CENTRE, KCAET, TAVANUR

ONLINE PUBLIC ACCESS CATALOGUE (OPAC)

Solution to Rersnick and Hullli day Physics Part1 (Record no. 19400)

MARC details
000 -LEADER
fixed length control field 00352nam a22001337a 4500
003 - CONTROL NUMBER IDENTIFIER
control field OSt
008 - FIXED-LENGTH DATA ELEMENTS--GENERAL INFORMATION
fixed length control field 250218b |||||||| |||| 00| 0 eng d
041 ## - LANGUAGE CODE
Language code of text/sound track or separate title eng
100 ## - MAIN ENTRY--AUTHOR NAME
Personal name Kamal, AK
245 ## - TITLE STATEMENT
Title Solution to Rersnick and Hullli day Physics Part1
250 ## - EDITION STATEMENT
Edition statement 22nd Reprint
260 ## - PUBLICATION, DISTRIBUTION, ETC. (IMPRINT)
Place of publication New Delhi;
Name of publisher New Age International Ltd,
Year of publication 1996.
942 ## - ADDED ENTRY ELEMENTS (KOHA)
Koha item type Books
Holdings
Withdrawn status Lost status Damaged status Home library Current library Date acquired Source of acquisition Cost, normal purchase price Accession Number Koha item type Public note
Withdrawn     KAUAET KAUAET 18/02/2025 Higgin BothGrees, Ernakulam 120.00 19991 Books Withdrawn as per order no A3-1008/2003 dated 25/04/2003
free website counter